Решение уравнений электродиффузии в квазистационарном приближении; Известия вузов. Физика; Т. 47, № 3

Sonraí bibleagrafaíochta
Parent link:Известия вузов. Физика/ Министерство общего и профессионального образования Российской Федерации ; Томский Госуниверситет.— , 1958-.— 0021-3411
Т. 47, № 3.— 2004.— с. 29-32
Príomhchruthaitheoir: Климачев Г. В.
Teanga:Rúisis
Foilsithe / Cruthaithe: 2004
Sraith:Физика полупроводников и диэлектриков
Ábhair:
Formáid: Caibidil leabhair
KOHA link:https://koha.lib.tpu.ru/cgi-bin/koha/opac-detail.pl?biblionumber=420034

MARC

LEADER 00000naa2a2200000 4500
001 420034
005 20231101073326.0
035 |a (RuTPU)RU\TPU\prd\77496 
035 |a RU\TPU\prd\29023 
090 |a 420034 
100 |a 20100301a2004 k y0rusy50 ca 
101 0 |a rus 
102 |a RU 
200 1 |a Решение уравнений электродиффузии в квазистационарном приближении  |f Г. В. Климачев 
225 1 |a Физика полупроводников и диэлектриков 
320 |a Библиогр.: 5 назв. 
461 1 |0 (RuTPU)RU\TPU\prd\191  |x 0021-3411  |t Известия вузов. Физика  |f Министерство общего и профессионального образования Российской Федерации ; Томский Госуниверситет  |d 1958- 
463 1 |0 (RuTPU)RU\TPU\prd\77490  |t Т. 47, № 3  |v с. 29-32  |d 2004 
610 1 |a квазистационарное приближение 
610 1 |a уравнения 
610 1 |a электродиффузия 
610 1 |a вольт-амперные характеристики 
610 1 |a электрический ток 
610 1 |a окружающая среда 
700 1 |a Климачев  |b Г. В. 
801 1 |a RU  |b 63413507  |c 20041020  |g PSBO 
801 2 |a RU  |b 63413507  |c 20131017  |g RCR 
942 |c BK